Історія української Конституції (Запис № 311089)

МАРК-запис
000 -Лідер
fixed length control field 00640nam a22002417a 4500
003 - Ідентифікатор контрольного номера
control field UA-OsUOA
001 - Контрольний номер
control field 24805
007 - Фіксоване поле фізичного опису
fixed length control field ta
008 - Елементи даних фіксованої довжини – загальна інформація
fixed length control field 20040302b un ||||| |||| 00| 0 ukr d
090 ## - Локальний шифр розміщення
Класифікаційний індекс УДК 342.4(091)(477)
Авторський знак (НП) І90
040 ## - Джерело каталогізації
Агенція оригінальної каталогізації UA-OsUOA
Мова каталогізації ukr
Агенція, яка здійснювала перезапис UA-OsUOA
Агенція, яка здійснювала модифікацію UA-OsUOA
041 ## - Код мови
Код мови тексту/ звукової доріжки чи окремого заголовка (П) ukr
080 ## - Індекс Універсальної десяткової класифікації
Індекс Універсальної десяткової класифікації (УДК) (НП) 342.4(091)(477)
020 ## - Міжнародний стандартний книжковий номер (ISBN)
Міжнародний стандартний книжковий номер (ISBN) (НП) 966-546-004-8
044 ## - Код країни видавця/ виробника
Код країни видавця/ виробника (П) UA
245 ## - Відомості про назву
Назва (НП) Історія української Конституції
Дані про відповідальність (НП) Упоряд. А.Г.Слюсаренко М.В.Томенко
260 ## - Публікація, розповсюдження і т.п. (Вихідні дані)
Місце публікації, розповсюдження і т.п. (П) Київ
Ім’я/ наймення видавництва, розповсюджувача і т.п. (П) Право
Дата публікації, розповсюдження і т.п. (П) 1997
300 ## - Фізичний опис
Обсяг 464 с.
650 #7 - Додаткове предметне введення – тематичний термін
Джерело заголовка чи терміна UDC
942 ## - Додаткові елементи входу (Коха)
Тип елемента Koha Книги
955 ## - Код типу видання за змістом
Код типу видання за змістом (НП) інше
Фонди
Стан вилучень Стан втрат Джерело класифікації або схеми стелажів Стан уражень Не для кредиту Постійне місце розташування Поточне розміщення Дата придбання Вартість, звичайна ціна покупки Інвентарний номер Усього замовленно Повний номер виклику Штрих-код Дата останнього перегляду Ціна ефективна від Тип елемента Koha Усього утримується
    Universal Decimal Classification     АБ - Абонемент НБ АБ - Абонемент НБ 09/02/2005 40.00 48876   342.4(091)(477) І90 48876 15/12/2021 02/03/2004 Книги  
Withdrawn   Universal Decimal Classification     АБ - Абонемент НБ АБ - Абонемент НБ 09/02/2005 3.00 48877   342.4(091)(477) І90 48877 13/07/2019 02/03/2004 Книги  
Withdrawn   Universal Decimal Classification   Not For Loan АБ - Абонемент НБ АБ - Абонемент НБ 09/02/2005 11.50 48878   342.4(091)(477) І90 48878 13/07/2019 02/03/2004 Книги 1
    Universal Decimal Classification     АБ - Абонемент НБ АБ - Абонемент НБ 09/02/2005 16.50 48879   342.4(091)(477) І90 48879 15/12/2021 02/03/2004 Книги  
    Universal Decimal Classification     АБ - Абонемент НБ АБ - Абонемент НБ 09/02/2005 40.00 48880   342.4(091)(477) І90 48880 15/12/2021 02/03/2004 Книги  
    Universal Decimal Classification     АБ - Абонемент НБ АБ - Абонемент НБ 11/08/2006   48881   342.4(091)(477) І90 48881 15/12/2021 02/03/2004 Книги  
    Universal Decimal Classification     АБ - Абонемент НБ АБ - Абонемент НБ 11/08/2006   48882   342.4(091)(477) І90 48882 15/12/2021 02/03/2004 Книги  
    Universal Decimal Classification     ЧЗ - Читальна зала ЧЗ - Читальна зала 02/03/2004 29.25 61292   342.4(091)(477) І90 61292 06/02/2022 02/03/2004 Книги  
    Universal Decimal Classification     ЧЗ - Читальна зала ЧЗ - Читальна зала 02/03/2004 47.65 66832   342.4(091)(477) І90 66832 06/02/2022 02/03/2004 Книги  
    Universal Decimal Classification     ЧЗ - Читальна зала ЧЗ - Читальна зала 02/03/2004 47.65 66833   342.4(091)(477) І90 66833 06/02/2022 02/03/2004 Книги  
    Universal Decimal Classification     ЧЗ - Читальна зала ЧЗ - Читальна зала 02/03/2004 17.00 66834   342.4(091)(477) І90 66834 06/02/2022 02/03/2004 Книги